000 00234nmm a2200085Ia 4500
008 220120s9999||||xx |||||||||||||||||und||
100 _aVision Interactive System
245 0 _aBasic electronics
260 _aVision Interactive System
_c2012
999 _c139722
_d139722